| 000 | 00448nam a2200181Ia 4500 | ||
|---|---|---|---|
| 001 | 2793 | ||
| 005 | 20260306144833.0 | ||
| 008 | 260306t2009||||xx |||||||||||||| ||spa|| | ||
| 041 | _aESP | ||
| 082 |
_a230 _bS719 |
||
| 100 |
_aSayés, José Antonio _eAUT |
||
| 245 | 0 |
_aTeología fundamental: _bLa razon de nuestra esperanza |
|
| 260 | _c2009 | ||
| 300 |
_a549 páginas : _c23 cm. |
||
| 650 | _aGEN | ||
| 654 | _aCHU | ||
| 942 |
_cLIB _dJUS _fJUS _2ddc _n |
||
| 999 |
_c2793 _d2793 |
||